Mainternance of human, animal and plant pathogen vectors
Uloženo v:
| Hlavní autor: | |
|---|---|
| Médium: | Kniha |
| Jazyk: | Undetermined |
| Vydáno: |
Enfield, New Hampshire
Science
1999
|
| Témata: | |
| Tagy: |
Přidat tag
Žádné tagy, Buďte první, kdo otaguje tento záznam!
|
| Thư viện lưu trữ: | Trung tâm Học liệu Trường Đại học Cần Thơ |
|---|
| LEADER | 00611nam a2200169Ia 4500 | ||
|---|---|---|---|
| 001 | CTU_48977 | ||
| 008 | 210402s9999 xx 000 0 und d | ||
| 082 | |a 571.986 | ||
| 082 | |b M226 | ||
| 100 | |a Mainternance of human, animal and plant pathogen vectors | ||
| 245 | 0 | |a Mainternance of human, animal and plant pathogen vectors | |
| 245 | 0 | |c Mainternance of human, animal and plant pathogen vectors, KARL MARAMOROSCH, Farida Mahmood | |
| 260 | |a Enfield, New Hampshire | ||
| 260 | |b Science | ||
| 260 | |c 1999 | ||
| 650 | |a vector-patogen relationships | ||
| 980 | |a Trung tâm Học liệu Trường Đại học Cần Thơ | ||